000 00328nam a2200133Ia 4500
005 20260328101514.0
008 260328s9999||||xx |||||||||||||| ||und||
100 _aAloi, Roberto
245 0 _aNuove Architetture a Milano /
_cRoberto Aloi
260 _bMilano
300 _a384 p.
650 _aARQUITECTURA REGIONAL
942 _cBK
999 _c9300
_d9300